|
|
|
|
| LEADER |
00000nab a2200000 a 4500 |
| 001 |
vtls000822240 |
| 003 |
SK-MaSNL |
| 005 |
20260304020208.0 |
| 008 |
250114c2002 xo 0 hun |
| 015 |
|
|
|a SNBRB2003/01-02286
|
| 035 |
|
|
|a CLN000173895
|
| 040 |
|
|
|a SNKBUCL
|b slo
|c SNKBUCL
|e AACR2
|
| 041 |
0 |
|
|a hun
|
| 044 |
|
|
|a xo
|c SK
|
| 080 |
|
|
|a 82.09:894.511 (437.6)-1=945.11(048)
|2 UDC-MRF-SK2
|
| 080 |
|
|
|a 894.511 (437.6)-1=945.11(048)
|2 UDC-MRF-SK2
|
| 100 |
1 |
|
|a Csehy, Zoltán,
|d 1973-
|4 aut
|9 86541
|
| 245 |
1 |
0 |
|a Sancho mint titkosügynök
|b a költészet kanonikus történeteinek sikeres felülírása
|c Csehy Zoltán
|
| 300 |
|
|
|b Fotogr.
|
| 650 |
0 |
7 |
|a maďarská poézia
|2 snkbucl
|9 1294
|
| 655 |
|
7 |
|a recenzie
|2 snkbucl
|9 21907
|
| 773 |
0 |
|
|t Új szó
|g Roč. 55, č. 283 (5.12.2002)
|
| 773 |
0 |
|
|t [Príl.] Könyvjelző
|g Roč. 1, č. 7 (2002), s. 15
|
| 787 |
0 |
8 |
|i Rec.:
|a Barak, László
|t s ha mégis ringyó?
|d Dunaszerdahely : NAP Kiadó, 2002
|z 8089032249
|
| 850 |
|
|
|a Slovenská národná knižnica v Martine
|
| 852 |
|
|
|a SNK
|b KIS3GCP
|
| 958 |
|
|
|a HU
|
| 958 |
|
|
|a SK
|
| 958 |
|
|
|a LX
|
| 958 |
|
|
|a RC
|
| 958 |
|
|
|a RBX
|
| 999 |
|
|
|c 2596972
|d 2598902
|